00533nam a2200157Ia 450000500170000000800410001704100080005808200160006610000420008224500230012426000510014730000090019865000200020799900190022795201290024620250729165753.0250729s2013 xx 000 0 und d aeng a530.25 DIRB aDirectorate of Pre University9232597 aBiology - II P U C aBangalorebDirectorate of Pre Universityc2013 a104p aBiology9232598 c239862d239862 00104070aALbALd2025-07-29eManagement Bookg41.00l0o530.25 DIRBpBED05181r2025-07-29 16:57:53v41.00w2025-07-29yBK